000 00555nam a2200181Ia 4500
003 GCL
008 140319s9999 xx 000 0 ara d
040 _aGCL /
_cGCL
082 0 4 _a801.95
_bك ق
100 1 _aمحمد عوض محمد (مترجم)
245 1 0 _aقواعد النقد الادبى /
_cمحمد عوض محمد (مترجم)
700 1 _aكرمبى , لاسل ابر
300 _a186 ص
490 _aسلسلة المعارف العامة
_v0
650 0 4 _aالادب - تاريخ ونقد
650 0 4 _aارسطو
942 _2ddc
_cBK
999 _c46793
_d46793